000
00245nam a2200121Ia 4500
100
_a
#N/A
942
_c
BK
654
_a
ubuntu ultimate 3.5
245
_a
ubuntu ultimate 3.5 Digit feb 2013
260
_b
#N/A
546
_a
ENGLISH
999
_c
20842
_d
20842